000 00738nam a2200229Ia 4500
003 GCL
008 140319s9999 xx 000 0 ara d
040 _aGCL /
_cGCL
082 0 4 _a956.71
_bو م
245 1 0 _aموسوعة مدينة تكريت
250 _aالاولى
260 _aالعراق :
_bوزارة الثقافة والاعلام ،
_c1995
300 _a295 ص ؛
_c29 سم
490 _aموسوعات مدن العراق
_v0
650 0 4 _aالعراق - تاريخ
650 0 4 _aتكريت - دوائر معارف
650 0 4 _aتكريت - تاريخ
650 0 4 _aتكريت - جغرافيا
650 0 4 _aتكريت - اثار
650 0 4 _aتكريت - العمارة الاسلامية
942 _2ddc
_cBK
999 _c7994
_d7994